|
|
|
|
| LEADER |
01602nam a2200481 4500 |
| 001 |
ocn904547680 |
| 003 |
OCoLC |
| 005 |
20170124070550.4 |
| 006 |
m o d |
| 007 |
cr cnu|||unuuu |
| 008 |
150309s2015 gw ob 001 0 eng d |
| 040 |
|
|
|a N$T
|b eng
|e rda
|e pn
|c N$T
|d N$T
|d DG1
|d YDXCP
|d OCLCF
|d DEBBG
|d GrThAP
|
| 020 |
|
|
|a 9783527656950
|q electronic bk.
|
| 020 |
|
|
|a 3527656952
|q electronic bk.
|
| 020 |
|
|
|a 9783527656981
|q electronic bk.
|
| 020 |
|
|
|a 3527656987
|q electronic bk.
|
| 020 |
|
|
|z 9783527330867
|
| 029 |
1 |
|
|a CHVBK
|b 334090490
|
| 029 |
1 |
|
|a CHBIS
|b 010442485
|
| 029 |
1 |
|
|a NZ1
|b 16078504
|
| 029 |
1 |
|
|a DEBBG
|b BV043397596
|
| 035 |
|
|
|a (OCoLC)904547680
|
| 050 |
|
4 |
|a TP1180.P6
|
| 072 |
|
7 |
|a TEC
|x 009010
|2 bisacsh
|
| 082 |
0 |
4 |
|a 668.4225
|2 23
|
| 049 |
|
|
|a MAIN
|
| 245 |
0 |
0 |
|a Biodegradable polyesters /
|c edited by Stoyko Fakirov.
|
| 264 |
|
1 |
|a Weinheim, Germany :
|b Wiley-VCH,
|c 2015.
|
| 300 |
|
|
|a 1 online resource
|
| 336 |
|
|
|a text
|b txt
|2 rdacontent
|
| 337 |
|
|
|a computer
|b c
|2 rdamedia
|
| 338 |
|
|
|a online resource
|b cr
|2 rdacarrier
|
| 588 |
0 |
|
|a Vendor-supplied metadata.
|
| 504 |
|
|
|a Includes bibliographical references and index.
|
| 650 |
|
0 |
|a Polyesters.
|
| 650 |
|
0 |
|a Biodegradable plastics.
|
| 650 |
|
7 |
|a TECHNOLOGY & ENGINEERING / Chemical & Biochemical
|2 bisacsh
|
| 650 |
|
7 |
|a Biodegradable plastics.
|2 fast
|0 (OCoLC)fst00832000
|
| 650 |
|
7 |
|a Polyesters.
|2 fast
|0 (OCoLC)fst01070428
|
| 655 |
|
4 |
|a Electronic books.
|
| 700 |
1 |
|
|a Fakirov, Stoyko,
|e editor.
|
| 856 |
4 |
0 |
|u https://doi.org/10.1002/9783527656950
|z Full Text via HEAL-Link
|
| 994 |
|
|
|a 92
|b DG1
|